Vista normal Vista MARC

Entrada Topical Term

Número de registros utilizados en: 2

001 - CONTROL NUMBER

  • control field: 36265

003 - CONTROL NUMBER IDENTIFIER

  • control field: OSt

005 - DATE AND TIME OF LATEST TRANSACTION

  • control field: 20210318090147.0

008 - FIXED-LENGTH DATA ELEMENTS

  • fixed length control field: 210318|| aca||aabn | a|a d

040 ## - CATALOGING SOURCE

  • Original cataloging agency: OSt
  • Transcribing agency: OSt

150 ## - HEADING--TOPICAL TERM

  • Topical term or geographic name entry element: Pintura colombiana

670 ## - SOURCE DATA FOUND

  • Source citation: Work cat.: (OSt): Hernández, Manuel, autor 23426, La donación Manuel Hernández : , 2007